000 00738nam a2200217 a 4500
001 000012460
005 20240412074232.0
008 091113s1971 dr 000 j spa d
040 _aDO-SdBNP
_bspa
_cBNPHU
082 _aRD863.44
_bL864c
100 1 _aLópez Feliz, Juan Emilio
_929191
245 1 0 _aCuentos desde la cárcel /
_cJuan Emilio López Felix; prólogo Rafael Kasse Acta.
260 _aSanto Domingo :
_bUASD,
_c1971.
300 _a120 p. ;
_c18 cm.
590 _aInventariado, 2019/BT
650 0 _aCuentos dominicanos
_9176
650 0 _aLiteratura dominicana.
_967
700 1 2 _aKasse Acta, Rafael,
_epról.
_925885
710 1 _aUniversidad Autónoma de Santo Domingo
_972951
910 _aValidado. Control de calidad MFF
999 _c12117
_d12117